<?xml version="1.0" encoding="UTF-8"?>
<record
    xmlns:xsi="http://www.w3.org/2001/XMLSchema-instance"
    xsi:schemaLocation="http://www.loc.gov/MARC21/slim http://www.loc.gov/standards/marcxml/schema/MARC21slim.xsd"
    xmlns="http://www.loc.gov/MARC21/slim">

  <leader>01293nam a22002537a 4500</leader>
  <datafield tag="952" ind1=" " ind2=" ">
    <subfield code="0">0</subfield>
    <subfield code="1">0</subfield>
    <subfield code="4">0</subfield>
    <subfield code="7">0</subfield>
    <subfield code="a">19</subfield>
    <subfield code="b">19</subfield>
    <subfield code="d">2016-06-01</subfield>
    <subfield code="l">0</subfield>
    <subfield code="o">HF5415.122 G37</subfield>
    <subfield code="p">19 002593</subfield>
    <subfield code="r">2016-06-01</subfield>
    <subfield code="t">1</subfield>
    <subfield code="w">2016-06-01</subfield>
    <subfield code="y">LB</subfield>
  </datafield>
  <datafield tag="952" ind1=" " ind2=" ">
    <subfield code="0">0</subfield>
    <subfield code="1">0</subfield>
    <subfield code="2">lcc</subfield>
    <subfield code="4">0</subfield>
    <subfield code="7">0</subfield>
    <subfield code="a">13</subfield>
    <subfield code="b">13</subfield>
    <subfield code="d">2016-08-31</subfield>
    <subfield code="l">0</subfield>
    <subfield code="o">HF5415.122 G37 2012</subfield>
    <subfield code="p">13 004235</subfield>
    <subfield code="r">2016-08-31</subfield>
    <subfield code="t">1</subfield>
    <subfield code="w">2016-08-31</subfield>
    <subfield code="y">LB</subfield>
  </datafield>
  <datafield tag="952" ind1=" " ind2=" ">
    <subfield code="0">0</subfield>
    <subfield code="1">0</subfield>
    <subfield code="4">0</subfield>
    <subfield code="7">0</subfield>
    <subfield code="a">18</subfield>
    <subfield code="b">18</subfield>
    <subfield code="d">2016-12-10</subfield>
    <subfield code="l">0</subfield>
    <subfield code="o">HF5415.122 G37</subfield>
    <subfield code="p">18 004139</subfield>
    <subfield code="r">2016-12-10</subfield>
    <subfield code="t">1</subfield>
    <subfield code="w">2016-12-10</subfield>
    <subfield code="y">LB</subfield>
  </datafield>
  <datafield tag="999" ind1=" " ind2=" ">
    <subfield code="c">99927</subfield>
    <subfield code="d">99927</subfield>
  </datafield>
  <controlfield tag="005">20231102151936.0</controlfield>
  <controlfield tag="008">160601s2012    ag ad||fr|||| 00| 0 spa d</controlfield>
  <datafield tag="020" ind1=" " ind2=" ">
    <subfield code="a">9789871826148</subfield>
  </datafield>
  <datafield tag="050" ind1="0" ind2="4">
    <subfield code="a">HF5415.122</subfield>
    <subfield code="b">G37 2012</subfield>
  </datafield>
  <datafield tag="100" ind1="1" ind2=" ">
    <subfield code="a">Garc&#xED;a, Fausto</subfield>
    <subfield code="e">autor</subfield>
  </datafield>
  <datafield tag="245" ind1="1" ind2="0">
    <subfield code="a">Servicios</subfield>
    <subfield code="b"> : manual de supervivencia</subfield>
    <subfield code="c"> / Fausto Garc&#xED;a</subfield>
  </datafield>
  <datafield tag="260" ind1="3" ind2=" ">
    <subfield code="a">Argentina</subfield>
    <subfield code="b"> : Temas</subfield>
    <subfield code="b"> : IPAEDE</subfield>
    <subfield code="b"> : IAE</subfield>
    <subfield code="c">, 2012</subfield>
  </datafield>
  <datafield tag="300" ind1=" " ind2=" ">
    <subfield code="a">210 p&#xE1;ginas</subfield>
    <subfield code="b"> : ilustrado, gr&#xE1;ficas</subfield>
  </datafield>
  <datafield tag="505" ind1=" " ind2=" ">
    <subfield code="a">Prep&#xE1;rese para un vieje por la empresa de servicios
Valor para la empresa
Fidelizaci&#xF3;n de los clientes
Valor para el cliente
Presentaci&#xF3;n: el momento de la verdad
Fidelizaci&#xF3;n de empleados
Valor para el empleado
El modelo de la "s": una lectura alternativa
Cultura innovadora
&#xBF;c&#xF3;mo segur?</subfield>
  </datafield>
  <datafield tag="519" ind1=" " ind2=" ">
    <subfield code="a">Educaci&#xF3;n Mixta /</subfield>
    <subfield code="b">Administraci&#xF3;n /</subfield>
    <subfield code="c">complemetario /</subfield>
    <subfield code="d">(19 002593) /</subfield>
  </datafield>
  <datafield tag="519" ind1=" " ind2=" ">
    <subfield code="a">Educaci&#xF3;n Mixta / </subfield>
    <subfield code="b">Administraci&#xF3;n / </subfield>
    <subfield code="c">Fundamentos De Administraci&#xF3;n (B01) / </subfield>
    <subfield code="d">(13 004235)</subfield>
  </datafield>
  <datafield tag="519" ind1=" " ind2=" ">
    <subfield code="a">Material Complementario / </subfield>
    <subfield code="d">(18 004139)</subfield>
  </datafield>
  <datafield tag="650" ind1="1" ind2="0">
    <subfield code="a">SERVICIOS</subfield>
  </datafield>
  <datafield tag="650" ind1="2" ind2="0">
    <subfield code="a">ADMIISTRACI&#xD3;N DE EMPRESAS</subfield>
  </datafield>
  <datafield tag="700" ind1="1" ind2=" ">
    <subfield code="a">Luchi, Roberto</subfield>
    <subfield code="e">autor</subfield>
  </datafield>
  <datafield tag="700" ind1="1" ind2="0">
    <subfield code="b">Arenas Ballester, Francisco</subfield>
    <subfield code="q">autor</subfield>
  </datafield>
  <datafield tag="942" ind1=" " ind2=" ">
    <subfield code="c">LB</subfield>
  </datafield>
</record>
